000 00461nam a2200193Ia 4500
005 20240823040545.0
008 240823s9999||||xx |||||||||||||| ||und||
020 _a978-81-237-6568-6
041 _aENGLISH
082 _A333.750954 Q2
100 _aKarunakaran C K
245 4 _aThe Ailing Forests of India
250 _a1st
260 _c2012
_bNational Book Tr
_aChennai
500 _aYES
650 _aIndia
_bGeneral
942 _cBK
999 _c203392
_d203392